00522cam a22002171 4500001001300000003000400013005001700017008004100034010001700075035002000092040001800112042001200130050002200142100002500164245002300189260002500212300001900237500001800256500001300274999001700287sa 66003424 DLC20260227112235.0891010s1964 ii 000 1 malo  asa 66003424  a(OCoLC)20465065 aDLCcWaUdDLC apremarc00aPL4718.9.C458bV31 aCheruvathar, Joseph.10aVaḷarttumakaḷ. a[Kunnamkulam,c1964] a233 p.c19 cm. aIn Malayalam. aA novel. c68885d68885